Second Place - Statistics

General Stats
  • This quiz has been taken 13 times
  • The average score is 4 of 15
Answer Stats
Hint Answer % Correct
Most densely populated country in 2021 by people per square kilometer Monaco
78%
Largest country by land mass Canada
67%
Least densely populated country in 2021 by people per square kilometer Mongolia
67%
Most common element by weight in earth's crust Silicon
56%
Largest river by volume Congo
44%
As of 7 March 2023, movie with second highest lifetime gross Avengers: End Game
33%
Deadliest battle of WWII Battle of Berlin
22%
Secretary-general of the UN Dag Hammarskjöld
22%
Husband of Elizabeth Taylor Michael Wilding
22%
Deepest lake Tanganyika
22%
Man in space Alan Shepard
11%
Tallest waterfall Las Tres Hermanas
0%
Tallest building as assessed by highest architectural feature Merdeka 118
0%
Woman in space Svetlana Savitskaya
0%
Best-selling passenger car worldwide in 2022 Toyota RAV4
0%
No matching quizzes found
Score Distribution
Percent of People with Each Score
Percentile by Number Answered
Your Score History
You have not taken this quiz